[Event "1516VL"]
[Site "Mecklenburg-Vorpommern"]
[Date "2016.01.17"]
[Round "5.3"]
[White "Jung, Werner"]
[Black "Stutz, Reno"]
[Result "0-1"]
[WhiteElo "1877"]
[BlackElo "1933"]
[PlyCount "48"]
[EventDate "2015.10.11"]
[EventType "team-tourn"]
[EventRounds "9"]
[EventCountry "GER"]
[SourceDate "2015.09.20"]
[WhiteTeam "SF Schwerin IV"]
[BlackTeam "ASV GW Wismar "]
[WhiteTeamCountry "GER"]
[BlackTeamCountry "GER"]

1. e4 d5 2. exd5 Nf6 3. Bb5+ Bd7 4. Bc4 Bg4 5. f3 Bc8 6. Bb5+ Bd7 7. Bxd7+ Qxd7
8. c4 c6 9. dxc6 Nxc6 10. Ne2 e5 11. O-O Bc5+ 12. Kh1 O-O 13. a3 a5 14. Nbc3
Rad8 15. b3 Rfe8 16. Ra2 Re6 17. Na4 Ba7 18. Nec3 Nd4 19. b4 e4 20. Nxe4 Nxe4
21. fxe4 Rxe4 22. Nc3 Rh4 23. Qe1 Nf5 24. Qe5 Re8 0-1

[Event "1516VL"]
[Site "Mecklenburg-Vorpommern"]
[Date "2016.01.17"]
[Round "5.4"]
[White "Schulz, Bernd"]
[Black "Krueger, Gerhard"]
[Result "1/2-1/2"]
[WhiteElo "1882"]
[BlackElo "1815"]
[PlyCount "44"]
[EventDate "2015.10.11"]
[EventType "team-tourn"]
[EventRounds "9"]
[EventCountry "GER"]
[SourceDate "2015.09.20"]
[WhiteTeam "ASV GW Wismar "]
[BlackTeam "SF Schwerin IV"]
[WhiteTeamCountry "GER"]
[BlackTeamCountry "GER"]

1. e4 c5 2. Nf3 Nc6 3. d4 cxd4 4. Nxd4 e5 5. Nb5 a6 6. Nd6+ Bxd6 7. Qxd6 Qf6 8.
Qxf6 Nxf6 9. Bd3 d5 10. exd5 Nxd5 11. c3 Be6 12. O-O Rd8 13. Bc2 O-O 14. Re1
Rd7 15. Nd2 Nf4 16. Ne4 Nd3 17. Bxd3 Rxd3 18. Nc5 Rd6 19. Nxb7 Rd5 20. Be3 Rb5
21. Nc5 Rxb2 22. Nxe6 fxe6 1/2-1/2

[Event "1516VL"]
[Site "Mecklenburg-Vorpommern"]
[Date "2016.01.17"]
[Round "5.5"]
[White "Schumacher, Ole"]
[Black "Podolskiy, Alexander"]
[Result "0-1"]
[WhiteElo "1673"]
[BlackElo "1871"]
[PlyCount "50"]
[EventDate "2015.10.11"]
[EventType "team-tourn"]
[EventRounds "9"]
[EventCountry "GER"]
[SourceDate "2015.09.20"]
[WhiteTeam "SF Schwerin III"]
[BlackTeam "ASV GW Wismar "]
[WhiteTeamCountry "GER"]
[BlackTeamCountry "GER"]

1. d4 d5 2. c4 e6 3. g3 b6 4. Bg2 Bb7 5. Nc3 Nf6 6. Nf3 Bd6 7. cxd5 Nxd5 8.
Nxd5 Bxd5 9. Qc2 f5 10. O-O O-O 11. Re1 Nd7 12. Ng5 Bxg2 13. Kxg2 Qe7 14. Qb3
Rae8 15. d5 exd5 16. Qxd5+ Kh8 17. Bd2 f4 18. Bc3 Ne5 19. Ne4 fxg3 20. hxg3 Ng4
21. Qd4 Qxe4+ 22. Qxe4 Rxe4 23. f3 Ne3+ 24. Kh3 Re6 25. Rac1 Rh6# 0-1

[Event "1516VL"]
[Site "Mecklenburg-Vorpommern"]
[Date "2016.01.17"]
[Round "5.6"]
[White "Borchert, Ulf"]
[Black "Focke, Adrian"]
[Result "1/2-1/2"]
[WhiteElo "1822"]
[BlackElo "1643"]
[PlyCount "41"]
[EventDate "2015.10.11"]
[EventType "team-tourn"]
[EventRounds "9"]
[EventCountry "GER"]
[SourceDate "2015.09.20"]
[WhiteTeam "ASV GW Wismar "]
[BlackTeam "SF Schwerin IV"]
[WhiteTeamCountry "GER"]
[BlackTeamCountry "GER"]

1. d4 d5 2. Nf3 Nf6 3. Bg5 Nbd7 4. Nbd2 h6 5. Bf4 e6 6. e3 c5 7. c3 Be7 8. Bd3
c4 9. Bc2 b5 10. O-O O-O 11. e4 dxe4 12. Nxe4 Bb7 13. Ng3 Nd5 14. Bd2 Qc7 15.
Re1 Bf6 16. Nh5 a5 17. Qe2 Qc6 18. Be4 Rad8 19. Nxf6+ N7xf6 20. Ne5 Qc7 21. Bf3
1/2-1/2

[Event "1516VL"]
[Site "Mecklenburg-Vorpommern"]
[Date "2016.01.17"]
[Round "5.7"]
[White "Kirstein, Hans Ernst"]
[Black "Bahr, Enrico"]
[Result "1/2-1/2"]
[WhiteElo "1730"]
[BlackElo "1821"]
[PlyCount "31"]
[EventDate "2015.10.11"]
[EventType "team-tourn"]
[EventRounds "9"]
[EventCountry "GER"]
[SourceDate "2015.09.20"]
[WhiteTeam "SF Schwerin IV"]
[BlackTeam "ASV GW Wismar "]
[WhiteTeamCountry "GER"]
[BlackTeamCountry "GER"]

1. e4 d5 2. exd5 Qxd5 3. Nc3 Qa5 4. d4 c6 5. Bd3 Nf6 6. Bd2 Bg4 7. Ne4 Bxd1 8.
Nxf6+ gxf6 9. Bxa5 Bh5 10. Ne2 Bg6 11. O-O-O e6 12. h4 Nd7 13. h5 Bxd3 14. Rxd3
Rg8 15. Rg3 Bh6+ 16. Bd2 1/2-1/2

[Event "1516VL"]
[Site "Mecklenburg-Vorpommern"]
[Date "2016.01.17"]
[Round "5.1"]
[White "Schinke, Andreas"]
[Black "Rossmann, Andreas"]
[Result "1-0"]
[WhiteElo "2060"]
[BlackElo "1919"]
[PlyCount "87"]
[EventDate "2015.10.11"]
[EventType "team-tourn"]
[EventRounds "9"]
[EventCountry "GER"]
[SourceDate "2015.09.20"]
[WhiteTeam "SV BW Grevesmuehlen"]
[BlackTeam "SG Neubrandenburg"]
[WhiteTeamCountry "GER"]
[BlackTeamCountry "GER"]

1. e4 d6 2. d4 Nf6 3. Nc3 g6 4. f4 Bg7 5. Nf3 c5 6. dxc5 Qa5 7. Bd3 Qxc5 8. Qe2
O-O 9. Be3 Qa5 10. O-O-O Nc6 11. Kb1 a6 12. Bd2 Bg4 13. Nd5 Qd8 14. Qe3 b5 15.
h3 Bxf3 16. Qxf3 Rc8 17. Bc3 e6 18. Nxf6+ Bxf6 19. Bxf6 Qxf6 20. g4 e5 21. f5
g5 22. h4 h6 23. hxg5 hxg5 24. Rh5 Kg7 25. Qe3 Rh8 26. Rxg5+ Kf8 27. Rh5 Rxh5
28. gxh5 Ke7 29. Rh1 Rh8 30. h6 Rh7 31. c3 Qh8 32. Qb6 Qc8 33. a4 Nb8 34. axb5
Nd7 35. Qxa6 Qc5 36. Qc6 Qe3 37. Bc2 Qf3 38. Rd1 Rxh6 39. b6 Qe3 40. b7 Qa7 41.
Ba4 Nb8 42. Qc7+ Kf8 43. Bb3 Rh7 44. f6 1-0

[Event "1516VL"]
[Site "Mecklenburg-Vorpommern"]
[Date "2016.01.17"]
[Round "5.2"]
[White "Stoevesand, Peter"]
[Black "Boehme, Andy"]
[Result "0-1"]
[WhiteElo "1864"]
[BlackElo "2048"]
[PlyCount "62"]
[EventDate "2015.10.11"]
[EventType "team-tourn"]
[EventRounds "9"]
[EventCountry "GER"]
[SourceDate "2015.09.20"]
[WhiteTeam "SG Neubrandenburg"]
[BlackTeam "SV BW Grevesmuehlen"]
[WhiteTeamCountry "GER"]
[BlackTeamCountry "GER"]

1. e4 d5 2. exd5 Qxd5 3. Nc3 Qd8 4. Nf3 Nf6 5. d4 Bg4 6. Be2 c6 7. O-O e6 8.
Re1 Be7 9. Bf4 O-O 10. Bxb8 Rxb8 11. Ne5 Bxe2 12. Rxe2 Nd7 13. f4 Nxe5 14. fxe5
Qa5 15. a3 Rbd8 16. b4 Qb6 17. Rd2 Bg5 18. Ne2 Bxd2 19. Qxd2 f6 20. Qe3 fxe5
21. Qxe5 Kh8 22. c3 Qb5 23. Qe4 Qc4 24. Re1 Rf6 25. Qh4 Rdf8 26. g4 Qd3 27. Qg3
Rf3 28. Qe5 Rf2 29. Qg3 R2f3 30. Qe5 Qd2 31. Rb1 Rf2 0-1

[Event "1516VL"]
[Site "Mecklenburg-Vorpommern"]
[Date "2016.01.17"]
[Round "5.3"]
[White "Naujok, Joerg"]
[Black "Kunow, Frank"]
[Result "1-0"]
[WhiteElo "1953"]
[BlackElo "1860"]
[PlyCount "107"]
[EventDate "2015.10.11"]
[EventType "team-tourn"]
[EventRounds "9"]
[EventCountry "GER"]
[SourceDate "2015.09.20"]
[WhiteTeam "SV BW Grevesmuehlen"]
[BlackTeam "SG Neubrandenburg"]
[WhiteTeamCountry "GER"]
[BlackTeamCountry "GER"]

1. Nf3 g6 2. g3 Bg7 3. Bg2 e5 4. d3 d5 5. Nbd2 Ne7 6. O-O O-O 7. e4 c6 8. Re1
Qc7 9. Qe2 f6 10. Nf1 d4 11. h4 h5 12. N3h2 f5 13. f4 Nd7 14. Nf3 fxe4 15. dxe4
Qb6 16. Kh1 c5 17. Ng5 Qa6 18. Nh2 Qxe2 19. Rxe2 exf4 20. Ne6 f3 21. Bxf3 Rf7
22. Ng5 Rf8 23. Ne6 Rf7 24. Nxg7 Kxg7 25. Bf4 Nc6 26. e5 Nf8 27. Bg5 Be6 28.
Bf6+ Kg8 29. Be4 Ne7 30. Nf3 Nd5 31. Ng5 Nxf6 32. exf6 Rxf6 33. Nxe6 Nxe6 34.
Bxb7 Rd8 35. Rae1 Rd6 36. Kg2 Kf8 37. b3 Ke7 38. Re5 Kd7 39. Bd5 a6 40. R1e2 a5
41. a4 Rb6 42. Bc4 Rd6 43. Rf2 Rxf2+ 44. Kxf2 Ke7 45. Bxe6 Kf6 46. Rxc5 Kxe6
47. Rg5 Kf6 48. Ke2 Re6+ 49. Kd3 Re5 50. Kxd4 Rxg5 51. hxg5+ Kxg5 52. b4 h4 53.
gxh4+ Kxh4 54. bxa5 1-0

[Event "1516VL"]
[Site "Mecklenburg-Vorpommern"]
[Date "2016.01.17"]
[Round "5.4"]
[White "Pruesse, Horst"]
[Black "Wecke, Thoralf"]
[Result "0-1"]
[WhiteElo "1976"]
[BlackElo "1907"]
[PlyCount "114"]
[EventDate "2015.10.11"]
[EventType "team-tourn"]
[EventRounds "9"]
[EventCountry "GER"]
[SourceDate "2015.09.20"]
[WhiteTeam "SG Neubrandenburg"]
[BlackTeam "SV BW Grevesmuehlen"]
[WhiteTeamCountry "GER"]
[BlackTeamCountry "GER"]

1. e4 Nf6 2. e5 Nd5 3. c4 Nb6 4. c5 Nd5 5. Bc4 e6 6. Nc3 Nxc3 7. dxc3 Nc6 8.
Bf4 Qh4 9. g3 Qe7 10. Qe2 Qxc5 11. b4 Qe7 12. Rd1 g5 13. Be3 Nxe5 14. Bd4 f6
15. Bxe5 fxe5 16. Qh5+ Qf7 17. Qxg5 Bd6 18. Be2 Rg8 19. Qh4 Be7 20. Qc4 Rf8 21.
Bf3 Bd6 22. Qe2 Qf6 23. Be4 Ke7 24. Qd2 a5 25. Nf3 axb4 26. cxb4 Ra3 27. O-O
Rxf3 28. Bxf3 Qxf3 29. Rb1 b5 30. Rb3 Qg4 31. Qd3 Bb7 32. Qxb5 Bf3 33. h4 Be2
34. Qb7 Bxf1 35. Kxf1 Qd1+ 36. Kg2 Qd4 37. f3 Qd2+ 38. Kh3 Qxa2 39. Re3 Qa8 40.
Qb5 Qa1 41. Qd3 h5 42. Kg2 Qb2+ 43. Re2 Qxb4 44. Qh7+ Rf7 45. Qxh5 Qb1 46. Qg5+
Ke8 47. Re4 Qc2+ 48. Kh3 Rxf3 49. Qg6+ Rf7 50. h5 Qf2 51. Rg4 Qf1+ 52. Kh2 Bc5
53. Ra4 Qg1+ 54. Kh3 Qh1+ 55. Kg4 Qd1+ 56. Kh3 Qxa4 57. h6 Qd1 0-1

[Event "1516VL"]
[Site "Mecklenburg-Vorpommern"]
[Date "2016.01.17"]
[Round "5.5"]
[White "Stiegler, Maik"]
[Black "Baier, Karsten"]
[Result "1/2-1/2"]
[WhiteElo "1888"]
[BlackElo "1850"]
[PlyCount "56"]
[EventDate "2015.10.11"]
[EventType "team-tourn"]
[EventRounds "9"]
[EventCountry "GER"]
[SourceDate "2015.09.20"]
[WhiteTeam "SV BW Grevesmuehlen"]
[BlackTeam "SG Neubrandenburg"]
[WhiteTeamCountry "GER"]
[BlackTeamCountry "GER"]

1. d4 f5 2. c4 Nf6 3. Nc3 e6 4. g3 d5 5. cxd5 exd5 6. Bg2 c6 7. Bg5 Be7 8. e3
O-O 9. Nf3 Nbd7 10. O-O h6 11. Bxf6 Nxf6 12. Rc1 Bd7 13. Ne2 Bd6 14. Qb3 Rb8
15. Nf4 Bxf4 16. gxf4 Kh7 17. Kh1 Ne4 18. Rc2 Be6 19. Ne5 Qh4 20. Bxe4 fxe4 21.
Rg1 g5 22. fxg5 hxg5 23. Qa3 Rbe8 24. Qxa7 Qh5 25. Qxb7+ Rf7 26. Nxf7 Qf3+ 27.
Rg2 Qd1+ 28. Rg1 Qf3+ 1/2-1/2

[Event "1516VL"]
[Site "Mecklenburg-Vorpommern"]
[Date "2016.01.17"]
[Round "5.6"]
[White "Winkler, Karl"]
[Black "Streit, Bodo"]
[Result "1-0"]
[WhiteElo "1863"]
[BlackElo "1765"]
[PlyCount "63"]
[EventDate "2015.10.11"]
[EventType "team-tourn"]
[EventRounds "9"]
[EventCountry "GER"]
[SourceDate "2015.09.20"]
[WhiteTeam "SG Neubrandenburg"]
[BlackTeam "SV BW Grevesmuehlen"]
[WhiteTeamCountry "GER"]
[BlackTeamCountry "GER"]

1. e4 e5 2. d4 exd4 3. Qxd4 Nc6 4. Qe3 d6 5. Nc3 g6 6. Bd2 Bg4 7. a3 a6 8. h3
Bh6 9. f4 Be6 10. O-O-O Bg7 11. Nf3 Nge7 12. Ng5 h6 13. Nxe6 fxe6 14. Bc4 Qd7
15. Qg3 e5 16. f5 Nd4 17. Rhf1 Rf8 18. fxg6 d5 19. Rxf8+ Bxf8 20. g7 O-O-O 21.
gxf8=Q Rxf8 22. exd5 Qf5 23. Qg4 h5 24. Qxf5+ Rxf5 25. Rf1 e4 26. Rxf5 Nexf5
27. Nxe4 h4 28. c3 b5 29. Ba2 Ne2+ 30. Kd1 Neg3 31. Nxg3 hxg3 32. Ke2 1-0

[Event "1516VL"]
[Site "Mecklenburg-Vorpommern"]
[Date "2016.01.17"]
[Round "5.7"]
[White "Haase, Sebastian"]
[Black "Zibell, Walter"]
[Result "1/2-1/2"]
[WhiteElo "1731"]
[BlackElo "1760"]
[PlyCount "53"]
[EventDate "2015.10.11"]
[EventType "team-tourn"]
[EventRounds "9"]
[EventCountry "GER"]
[SourceDate "2015.09.20"]
[WhiteTeam "SV BW Grevesmuehlen"]
[BlackTeam "SG Neubrandenburg"]
[WhiteTeamCountry "GER"]
[BlackTeamCountry "GER"]

1. d4 Nf6 2. Bf4 d6 3. Nf3 b6 4. h3 Bb7 5. e3 g6 6. Be2 Bg7 7. c4 O-O 8. Nc3
Nbd7 9. O-O Re8 10. Qc2 Nh5 11. Bh2 e5 12. dxe5 Nxe5 13. Nxe5 Bxe5 14. Bxh5
gxh5 15. Qf5 Bxh2+ 16. Kxh2 Re5 17. Qf4 Rg5 18. f3 Qe7 19. e4 c6 20. Rad1 Rg6
21. Rd2 Rf6 22. Qg5+ Kh8 23. Qxh5 Rg8 24. Rfd1 Rfg6 25. Qf5 Rf6 26. Qh5 Rfg6
27. Qf5 1/2-1/2

[Event "1516VL"]
[Site "Mecklenburg-Vorpommern"]
[Date "2016.01.17"]
[Round "5.8"]
[White "Hoerhold, Martin"]
[Black "Barth, Richard"]
[Result "1-0"]
[WhiteElo "1663"]
[BlackElo "1501"]
[PlyCount "111"]
[EventDate "2015.10.11"]
[EventType "team-tourn"]
[EventRounds "9"]
[EventCountry "GER"]
[SourceDate "2015.09.20"]
[WhiteTeam "SG Neubrandenburg"]
[BlackTeam "SV BW Grevesmuehlen"]
[WhiteTeamCountry "GER"]
[BlackTeamCountry "GER"]

1. e4 c5 2. f4 a6 3. Nf3 e6 4. b3 Nc6 5. Bb2 Qc7 6. g3 Nf6 7. d3 d5 8. exd5
Nxd5 9. Qd2 b5 10. Nc3 Nxc3 11. Bxc3 b4 12. Bb2 Bb7 13. Bg2 Rd8 14. Qf2 Nd4 15.
O-O Nxf3+ 16. Bxf3 Bxf3 17. Qxf3 h5 18. Rae1 Kd7 19. f5 Rh6 20. fxe6+ fxe6 21.
Qf7+ Kc8 22. Qxc7+ Kxc7 23. Rf7+ Kc6 24. Bxg7 Bxg7 25. Rxg7 Rd5 26. Re7 Rd6 27.
Re5 a5 28. Kg2 h4 29. g4 Kb5 30. Rh5 Rg6 31. h3 Rd4 32. Re5 Rd6 33. Rh7 Rd5 34.
Rxd5 exd5 35. Rxh4 Re6 36. Kf2 c4 37. dxc4+ dxc4 38. Rh5+ Kb6 39. bxc4 Re4 40.
g5 Rxc4 41. g6 Rxc2+ 42. Kf3 Rc3+ 43. Kf4 Rc4+ 44. Kg5 a4 45. Rh4 Rc5+ 46. Kh6
Kb5 47. Rh5 b3 48. axb3 a3 49. g7 Rxh5+ 50. Kxh5 a2 51. g8=Q a1=Q 52. Qd5+ Kb6
53. Qe6+ Kb5 54. Kg6 Qb1+ 55. Kf6 Kb4 56. Qg4+ 1-0

[Event "1516VL"]
[Site "Mecklenburg-Vorpommern"]
[Date "2016.01.17"]
[Round "5.1"]
[White "Weyrich, Morten"]
[Black "Mehl, Ronald"]
[Result "1-0"]
[WhiteElo "2194"]
[BlackElo "2090"]
[PlyCount "146"]
[EventDate "2015.10.11"]
[EventType "team-tourn"]
[EventRounds "9"]
[EventCountry "GER"]
[SourceDate "2015.09.20"]
[WhiteTeam "SF Schwerin III"]
[BlackTeam "FHSG Stralsund"]
[WhiteTeamCountry "GER"]
[BlackTeamCountry "GER"]

1. Nf3 c5 2. d4 e6 3. g3 b6 4. d5 d6 5. c4 e5 6. Nc3 Bd7 7. e4 Na6 8. Bd3 Be7
9. Qe2 Bf6 10. h3 h5 11. Bd2 Ne7 12. O-O-O Ng6 13. Rde1 Nc7 14. h4 a6 15. Ng5
b5 16. f4 bxc4 17. Bxc4 Nb5 18. Bxb5 axb5 19. f5 Nf8 20. Nxb5 Qb6 21. Nc3 Rb8
22. Be3 Bc8 23. Rh2 Ba6 24. Qc2 Bc8 25. Nf3 Ke7 26. Nd2 Ba6 27. Qb3 Nd7 28.
Qxb6 Nxb6 29. Kc2 Rb7 30. b3 Rhb8 31. Nd1 c4 32. b4 Rc8 33. Nc3 Na8 34. Rb1
Rcb8 35. a3 Nc7 36. Rg1 Nb5 37. Nxb5 Bxb5 38. Nb1 Ra8 39. Kb2 Bd7 40. Rc1 Bb5
41. Rhc2 Ke8 42. Nd2 Bd8 43. Nxc4 Kd7 44. Rc3 Ra6 45. Kb3 Ba4+ 46. Ka2 Bb5 47.
Nb2 Rb8 48. Kb3 Be2 49. Nc4 Rba8 50. Ra1 Bf3 51. Nd2 Be2 52. Nc4 Bf3 53. Nd2
Be2 54. Rc6 Rxc6 55. dxc6+ Kxc6 56. a4 Kb7 57. Re1 Bg4 58. Nc4 Bc7 59. Bf2 g6
60. Ne3 Bf3 61. Nd5 gxf5 62. Nxc7 Kxc7 63. exf5 Bd5+ 64. Ka3 Bc6 65. a5 Kb7 66.
Kb3 Bd7 67. Rd1 Bxf5 68. Rxd6 Be6+ 69. Ka4 Rc8 70. a6+ Kc7 71. Rd2 Ra8 72. b5
Bd7 73. Ka5 Bc8 1-0

[Event "1516VL"]
[Site "Mecklenburg-Vorpommern"]
[Date "2016.01.17"]
[Round "5.2"]
[White "Hubert, Peter"]
[Black "Westphal, Wolfgang"]
[Result "1/2-1/2"]
[WhiteElo "1986"]
[BlackElo "2106"]
[PlyCount "145"]
[EventDate "2015.10.11"]
[EventType "team-tourn"]
[EventRounds "9"]
[EventCountry "GER"]
[SourceDate "2015.09.20"]
[WhiteTeam "FHSG Stralsund"]
[BlackTeam "SF Schwerin III"]
[WhiteTeamCountry "GER"]
[BlackTeamCountry "GER"]

1. Nf3 Nf6 2. d4 e6 3. Bg5 b6 4. e3 h6 5. Bh4 Bb7 6. Nbd2 Be7 7. Bd3 d5 8. Ne5
O-O 9. O-O Nbd7 10. Ndf3 Nxe5 11. Nxe5 Nd7 12. Bxe7 Qxe7 13. Nxd7 Qxd7 14. f4
Qe7 15. c3 a5 16. Qh5 Ba6 17. Bxa6 Rxa6 18. Qe2 Raa8 19. e4 dxe4 20. Qxe4 Qd6
21. Rad1 Rad8 22. f5 Qd5 23. Qxd5 exd5 24. Rfe1 Rfe8 25. Kf2 Kf8 26. g4 g6 27.
fxg6 fxg6 28. h4 Kf7 29. Kf3 Kf6 30. Kf4 g5+ 31. hxg5+ hxg5+ 32. Kg3 Kg6 33. a4
Ra8 34. Re5 Rxe5 35. dxe5 Kf7 36. Rxd5 Ke6 37. Rd1 Rf8 38. b3 Rf7 39. c4 Rf8
40. Re1 Rd8 41. Re3 c6 42. Kf3 Rf8+ 43. Kg3 Rf1 44. Kg2 Rf4 45. Kh3 b5 46. axb5
cxb5 47. cxb5 Rb4 48. b6 Rxb6 49. Kg3 Rb5 50. Kf3 Rb4 51. Kg3 Rd4 52. Kf3 Rf4+
53. Kg3 Rf1 54. Kg2 Rf8 55. Kg3 Rf7 56. Rf3 Rb7 57. Re3 Rb8 58. Kf3 Rh8 59. Kg3
Rh7 60. Rf3 Rb7 61. Re3 Rc7 62. Kf2 Rc5 63. Ke2 Rc1 64. Kf3 Rc2 65. Kg3 Ra2 66.
Kf3 Ra3 67. Ke4 a4 68. bxa4 Rxa4+ 69. Kf3 Rf4+ 70. Kg3 Rf8 71. Rf3 Rxf3+ 72.
Kxf3 Kxe5 73. Ke3 1/2-1/2

[Event "1516VL"]
[Site "Mecklenburg-Vorpommern"]
[Date "2016.01.17"]
[Round "5.3"]
[White "Kutschke, Peter"]
[Black "Glawe, Hartmut"]
[Result "0-1"]
[WhiteElo "2000"]
[BlackElo "1908"]
[PlyCount "128"]
[EventDate "2015.10.11"]
[EventType "team-tourn"]
[EventRounds "9"]
[EventCountry "GER"]
[SourceDate "2015.09.20"]
[WhiteTeam "SF Schwerin III"]
[BlackTeam "FHSG Stralsund"]
[WhiteTeamCountry "GER"]
[BlackTeamCountry "GER"]

1. e4 c5 2. c4 Nc6 3. Ne2 g6 4. d4 cxd4 5. Nxd4 Bg7 6. Be3 d6 7. Nc3 Bd7 8. Be2
Nf6 9. O-O O-O 10. Rc1 Ne8 11. b3 Nc7 12. Qd2 Nxd4 13. Bxd4 Ne6 14. Be3 Re8 15.
Rfd1 Qa5 16. Nd5 Qxd2 17. Rxd2 b6 18. f3 Rac8 19. Rcd1 Nc5 20. Kf2 h6 21. Bd4
Bxd4+ 22. Rxd4 Bc6 23. Nc3 Kg7 24. g3 g5 25. Bf1 Rc7 26. R4d2 g4 27. Bg2 gxf3
28. Bxf3 Nd7 29. h3 Ne5 30. Bg2 Bd7 31. Nd5 Rc5 32. Ne3 Kg6 33. Rd5 Rc7 34.
R5d2 Bc8 35. Nd5 Rc5 36. Nf4+ Kg7 37. Rd5 Bb7 38. R5d4 a6 39. Nd3 Nxd3+ 40.
R1xd3 Re5 41. g4 a5 42. Re3 Rc8 43. a4 Rf8 44. Bf3 Kf6 45. Kg3 Rg8 46. Kf2 Bc8
47. Be2 Be6 48. Rf3+ Kg5 49. Kg3 f6 50. Rf4 Kg6 51. Rf3 Kf7 52. Kf2 Ke8 53. Rg3
Kd7 54. Kf3 Kc6 55. Rd3 Kc5 56. Kf4 Kb4 57. Bd1 Reg5 58. Rge3 Bf7 59. Be2 h5
60. h4 R5g7 61. gxh5 Rg2 62. Bd1 Be8 63. Rd5 Bd7 64. Re2 R2g3 0-1

[Event "1516VL"]
[Site "Mecklenburg-Vorpommern"]
[Date "2016.01.17"]
[Round "5.4"]
[White "Kohn, Andreas"]
[Black "Wandel, Bernd"]
[Result "0-1"]
[WhiteElo "1947"]
[BlackElo "2023"]
[PlyCount "80"]
[EventDate "2015.10.11"]
[EventType "team-tourn"]
[EventRounds "9"]
[EventCountry "GER"]
[SourceDate "2015.09.20"]
[WhiteTeam "FHSG Stralsund"]
[BlackTeam "SF Schwerin III"]
[WhiteTeamCountry "GER"]
[BlackTeamCountry "GER"]

1. e4 c6 2. d4 d5 3. Nc3 dxe4 4. Nxe4 Nf6 5. Nxf6+ gxf6 6. Bf4 Bf5 7. Nf3 e6 8.
Bd3 Bg4 9. c3 Bd6 10. Bxd6 Qxd6 11. Qe2 Nd7 12. h3 Bh5 13. O-O-O f5 14. Kb1
O-O-O 15. Qe3 f4 16. Qe2 Rhg8 17. Bxh7 Rg7 18. Bc2 Rxg2 19. Rdg1 Rdg8 20. Rxg2
Rxg2 21. a3 f5 22. Re1 Qd5 23. Bd1 Qxf3 24. Qxf3 Bxf3 25. Bxf3 Rxf2 26. Bd1 Nf8
27. h4 Rh2 28. h5 Kd7 29. Rf1 Rh4 30. Kc2 Nh7 31. Kd3 Nf6 32. Bf3 Kd6 33. c4
Rh3 34. Kd2 b6 35. Be2 Ne4+ 36. Kd1 Ng3 37. Rf2 Rh1+ 38. Kc2 Nxe2 39. Rxe2 Rxh5
40. Rf2 Rh4 0-1

[Event "1516VL"]
[Site "Mecklenburg-Vorpommern"]
[Date "2016.01.17"]
[Round "5.5"]
[White "Wagner, Ralph"]
[Black "Kohn, Thomas"]
[Result "1-0"]
[WhiteElo "1989"]
[BlackElo "1854"]
[PlyCount "73"]
[EventDate "2015.10.11"]
[EventType "team-tourn"]
[EventRounds "9"]
[EventCountry "GER"]
[SourceDate "2015.09.20"]
[WhiteTeam "SF Schwerin III"]
[BlackTeam "FHSG Stralsund"]
[WhiteTeamCountry "GER"]
[BlackTeamCountry "GER"]

1. d4 Nf6 2. c4 g6 3. Nc3 Bg7 4. e4 d6 5. Nf3 O-O 6. Be2 e5 7. dxe5 dxe5 8. O-O
Qxd1 9. Rxd1 Bg4 10. Bg5 Bxf3 11. gxf3 Nc6 12. Rd2 Nd4 13. Nd5 Nxd5 14. cxd5 f6
15. Be3 Nxe2+ 16. Rxe2 g5 17. Rc2 Rf7 18. Rac1 Rc8 19. a3 b6 20. Rc6 Kf8 21. a4
Ke8 22. a5 Bf8 23. axb6 axb6 24. Bxb6 Rb8 25. Bxc7 Rxb2 26. Bb6 Rd7 27. Rxf6
Bd6 28. Rc6 Ba3 29. Rce6+ Re7 30. Be3 Rxe6 31. Rxe6+ Kf7 32. Rxe5 h6 33. Re6
Bf8 34. Rf6+ Kg7 35. Bd4 Rb1+ 36. Kg2 Bc5 37. Rb6+ 1-0

[Event "1516VL"]
[Site "Mecklenburg-Vorpommern"]
[Date "2016.01.17"]
[Round "5.6"]
[White "Giese, Lothar"]
[Black "Helms, Sven"]
[Result "0-1"]
[WhiteElo "1800"]
[BlackElo "1941"]
[PlyCount "88"]
[EventDate "2015.10.11"]
[EventType "team-tourn"]
[EventRounds "9"]
[EventCountry "GER"]
[SourceDate "2015.09.20"]
[WhiteTeam "FHSG Stralsund"]
[BlackTeam "SF Schwerin III"]
[WhiteTeamCountry "GER"]
[BlackTeamCountry "GER"]

1. c4 Nf6 2. Nc3 e6 3. d4 Bb4 4. a3 Bxc3+ 5. bxc3 c5 6. Qc2 Nc6 7. e3 b6 8. Nf3
d6 9. e4 e5 10. d5 Ne7 11. h3 Ng6 12. Be2 Qe7 13. Be3 O-O 14. Nh2 Nf4 15. Bxf4
exf4 16. O-O Nxe4 17. Bd3 f5 18. Rfe1 Qf6 19. Bxe4 fxe4 20. Qxe4 Qxc3 21. Rac1
Qf6 22. Nf3 Bd7 23. Qe7 Rf7 24. Qxf6 Rxf6 25. Re7 Rd8 26. Rce1 h6 27. Nd2 Rf7
28. f3 Rxe7 29. Rxe7 Kf8 30. Re1 Re8 31. Rxe8+ Kxe8 32. h4 Bf5 33. Kf2 Ke7 34.
g4 Bd3 35. g5 a6 36. gxh6 gxh6 37. Kg2 Kf6 38. Ne4+ Bxe4 39. fxe4 b5 40. cxb5
axb5 41. Kf3 Ke5 42. Kg4 Kxe4 43. Kh5 f3 44. Kxh6 f2 0-1

[Event "1516VL"]
[Site "Mecklenburg-Vorpommern"]
[Date "2016.01.17"]
[Round "5.7"]
[White "Goertz, Frank"]
[Black "Vietinghoff, Klaus"]
[Result "0-1"]
[WhiteElo "1906"]
[BlackElo "1757"]
[PlyCount "88"]
[EventDate "2015.10.11"]
[EventType "team-tourn"]
[EventRounds "9"]
[EventCountry "GER"]
[SourceDate "2015.09.20"]
[WhiteTeam "SF Schwerin IV"]
[BlackTeam "FHSG Stralsund"]
[WhiteTeamCountry "GER"]
[BlackTeamCountry "GER"]

1. e4 d6 2. d4 g6 3. Nf3 Bg7 4. c4 Bg4 5. Be2 Nd7 6. O-O Bxf3 7. Bxf3 e5 8. d5
Ne7 9. Nc3 O-O 10. g4 h6 11. g5 Kh7 12. Be3 hxg5 13. Bxg5 Bh6 14. Qd2 Bxg5 15.
Qxg5 Ng8 16. Qxd8 Raxd8 17. Kg2 Ngf6 18. b4 Kg7 19. Rac1 a6 20. Ne2 b6 21. Ng3
Rh8 22. Rh1 Rh4 23. a4 Rdh8 24. Rce1 a5 25. bxa5 bxa5 26. Bd1 Nc5 27. f3 Nd3
28. Re3 Nf4+ 29. Kg1 Rb8 30. Rb3 Rxb3 31. Bxb3 Nd7 32. Kf2 Nc5 33. Bc2 Nfd3+
34. Ke3 Nb2 35. Ne2 Nxc4+ 36. Kf2 Na3 37. Bd1 Nb1 38. Kg3 Rh8 39. Bc2 Na3 40.
Rc1 Rb8 41. Bd1 f5 42. Nc3 f4+ 43. Kg4 Nc4 44. Nb5 Ne3+ 0-1

[Event "1516VL"]
[Site "Mecklenburg-Vorpommern"]
[Date "2016.01.17"]
[Round "5.1"]
[White "Waschk, Armin"]
[Black "Ruesch, Hans Joachim"]
[Result "1-0"]
[WhiteElo "2099"]
[BlackElo "1919"]
[PlyCount "69"]
[EventDate "2015.10.11"]
[EventType "team-tourn"]
[EventRounds "9"]
[EventCountry "GER"]
[SourceDate "2015.09.20"]
[WhiteTeam "SG Guestrow/Teterow"]
[BlackTeam "SFO Warnemuende"]
[WhiteTeamCountry "GER"]
[BlackTeamCountry "GER"]

1. e4 g6 2. d4 Bg7 3. Nf3 d6 4. Nc3 Nf6 5. Be3 Ng4 6. Bg5 h6 7. Bh4 c5 8. Qd2
cxd4 9. Nxd4 O-O 10. Be2 Nc6 11. Nb3 a6 12. O-O g5 13. Bg3 b5 14. a3 Nf6 15.
Rad1 Be6 16. f4 g4 17. Nc1 Rc8 18. Nd3 Na5 19. f5 Rxc3 20. bxc3 Nxe4 21. Qe3
Bd5 22. Nf4 Bb7 23. Nh5 Nxc3 24. Nxg7 Nxd1 25. Bxd1 Kxg7 26. f6+ exf6 27. Bh4
Nc4 28. Qf4 Qb6+ 29. Bf2 Qc6 30. Qxg4+ Kh8 31. Bf3 Qc8 32. Qf4 Bxf3 33. Qxf6+
Kg8 34. Bd4 Ne5 35. Rxf3 1-0